000 00685nam a2200169 i 4500
001 46227
003 ES-MaACL
005 20230906161339.0
007 t|
008 030328s1978 sp ||||1| eng d
111 2 _aConferencia Internacional sobre Virus y Virosis de la Vid (
_n6ª.
_d1976.
_cMadrid)
_9212
245 1 0 _aProcedings of the 6th Conference on Virus and Virus deseases of the grapevine... España 13-21 septiembre 1976.
260 _aMadrid :
_bInstituto Nacional de Investigaciones Agrarias,
_c1978.
300 _aLIV, 374 p., 29 lám. :
_bil. ;
_c25 cm.
710 2 _aInstituto Nacional de Investigaciones Agrarias (España)
_95168
852 _aES-MaACL
_jL-298
_bR.100884
999 _c46227
_d46227